LDR 00693naa#a2200181#i#450# 001 EN\\bibl\124974 005 20260602083728.2 011 ## _a2588-0209 100 ## _a20260601b2026####ek#y0engy0150####ca 102 ## _aRU 200 1# _aFGIS «GRAIN» AS A LEGAL INSTITUTION: BETWEEN TRACEABILITY AND QUASI-LICENSING OF TURNOVER _eJournal article 210 1# _aMoscow _cElectronic science _d2026 215 ## _a17 с. 608 ## _aJournal article _2local 675 ## _aАграрное право. 349.42 _aПрикладные информационные (компьютерные) технологии. 004.9 _z 700 #1 _aKorotchenko _gPetr Vadimovich 700 #1 _aMayboroda _gViktor Aleksandrovich 856 4# _amshj.ru _u